000 00283nam a22001097a 4500
008 170126b xxu||||| |||| 00| 0 eng d
020 _a9780838536889
041 _aeng
080 _27TH
_a61
245 _aHEALTH PROMOTION STRATEGIES THROUGH THE LIFE SPAN
_cMURRAY, R.B
942 _2udc
_cBK
999 _c3779
_d3779